00448nam a2200157 450000500170000002000220001704000340003908200160007310000170008924500570010626000460016330000320020954600090024165000250025070000150027520251010110024.0 aN/AcTZS 10,000/= aMCCLbeng.eAACR 2nd rev. ed. a967.804 MSE aMsekwa, Pius aThe story of the Tanzania parliamentc/ Pius Msekwa  aDodoma :bParliament of Tanzania,cc2012. avi, 138 p. :c21 cm.bill.; aeng. aParliament Supremacy aMsekwa, P.